Marvel's Agents of Shield Episodes Seasons 1-5 Quiz Stats

 Plays Quiz not verified by Sporcle

Also try: TV Couples II
Challenge
Share
Tweet
Embed
Score 0/104 Timer 09:00
0 Plays Today
Season Episode % Correct
S1Pilot
93.8%
S10-8-4
90.5%
S1Beginning of the End
86.2%
S1FZZT
86%
S1T.A.H.I.T.I.
85.3%
S1End of the Beginning
85.1%
S1Girl In the Flower Dress
85%
S1T.R.A.C.K.S.
84.4%
S1The Hub
83.7%
S1The Well
83.7%
S1The Asset
83.2%
S1Eye Spy
82.9%
S1Turn, Turn, Turn
82.9%
S1The Bridge
81.3%
S2Shadows
81.1%
S2S.O.S Part 2
81%
S2S.O.S Part 1
80.8%
S1Seeds
80.1%
S2Afterlife
79%
S1Yes Men
78.8%
S1Repairs
78.2%
S2Melinda
78.2%
S1Providence
77.9%
S1The Magical Place
77.4%
S1The Only Light In the Darkness
77.4%
S1Ragtag
77.4%
S2A Hen in the Wolf House
77.3%
S3Maveth
75.8%
S2What They Become
74.4%
S2Aftershocks
74.4%
S1Nothing Personal
74.1%
S4The Ghost
73.7%
S2Making Friends and Influencing People
73.1%
S3Absolution
72.7%
S2Heavy is the Head
71.9%
Season Episode % Correct
S34,722 Hours
71.6%
S2... Ye Who Enter Here
71.5%
S3Laws of Nature
71.2%
S3Ascension
70.4%
S2The Dirty Half Dozen
69.8%
S4World's End
69.6%
S2Love in the Time of Hydra
69.4%
S2Scars
68.8%
S5Orientation Part 1
68.4%
S5Orientation Part 2
68.2%
S2The Frenemy of my Enemy
68.1%
S3Closure
67.9%
S3Parting Shot
67.3%
S3A Wanted Inhuman
67.2%
S3Watchdogs
67%
S3Spacetime
66.4%
S4What If...
66.3%
S4All the Madame's Men
66.2%
S2Face My Enemy
66.1%
S3The Team
65.7%
S4BOOM
65.7%
S4Meet The New Boss
65.5%
S2The Writing on the Wall
65.2%
S3The Singularity
65.2%
S4Hot Potato Soup
65.2%
S3Purpose in the Machine
65.1%
S2A Fractured House
64.5%
S3Emancipation
64.5%
S4The Return
64.2%
S3Paradise Lost
63.6%
S4The Patriot
63.6%
S2One of Us
63.4%
S4Farewell Cruel World
63.3%
S5A Life Spent
62.7%
S5A Life Earned
62.7%
Season Episode % Correct
S3Failed Experiments
61.8%
S2Who You Really Are
61.7%
S3Bouncing Back
61.5%
S4Self Control
60.9%
S4Let Me Stand Next to Your Fire
60.6%
S4The Laws of Inferno Dynamics
60.5%
S2The Things We Bury
60.3%
S2One Door Closes
60.2%
S3Devils You Know
60%
S3Chaos Theory
60%
S3Many Heads, One Tale
59.4%
S5Rewind
59.3%
S5Fun & Games
58.8%
S3The Inside Man
58.4%
S4The Man Behind The Shield
57.1%
S4No Regrets
56.4%
S4Lockup
55.7%
S4Deals with Our Devils
55.4%
S4The Good Samaritan
55.3%
S4Uprising
54.5%
S5The Devil Complex
54.3%
S3Among Us Hide
54.2%
S4Identity and Change
54.1%
S5The Last Day
54%
S5Rise and Shine
50.2%
S4Wake Up
49.3%
S5Principia
48.9%
S5Together or Not at All
48.3%
S5The Real Deal
47.9%
S4Broken Promises
44.7%
S5Inside Voices
44.1%
S5All The Comforts of Home
40.2%
S5Best Laid Plans
36.3%
S5Past Life
32.5%

You're not logged in!

Compare scores with friends on all Sporcle quizzes.
Join for Free
OR
Log In

You Might Also Like...

Show Comments

Extras

Top Quizzes Today


Score Distribution

Your Account Isn't Verified!

In order to create a playlist on Sporcle, you need to verify the email address you used during registration. Go to your Sporcle Settings to finish the process.

Report this User

Report this user for behavior that violates our Community Guidelines.

Details: